000 00458nam a2200205Ia 4500
003 0100
008 130303s9999 xx 000 0 und d
020 _a0874621518
040 _cARRUPELIB
050 _aB29.Z43 1983
100 _aZedler, Beatrice H
245 _aHow philosophy begins
260 _aMilwaukee
260 _bMarquette University Press
260 _C1983
300 _a52p.
300 _b 19cm
650 _aPHILOSOPHY
942 0 0 _04
999 _c9241
_d9241